000 00343nam a2200133 i 4500
001 bg
100 1 _aMATYJASIAK, Miron Zbyszko
245 0 _aĆwiczenia audytoryjne w szkole wyższej /
_cMiron Zbyszko Matyjasiak.
260 _aWarszawa,
_c1974.
040 _cBPK
041 _apol
942 _cKS
008 s pl f |000 0 pol
999 _c26020
_d26020
856 _uhttp://koha.tu.koszalin.pl/cgi-bin/koha/opac-detail.pl?biblionumber=26020
_yKatalog online BPK